| 000 | 00608nam a22001937a 4500 | ||
|---|---|---|---|
| 999 |
_c5750 _d5750 |
||
| 003 | AR-CdUCM | ||
| 008 | 190313b ||||| |||| 00| 0 spa d | ||
| 040 |
_aMUNICIPALIDAD PROVINCIAL DEL CUSCO _cBIBLIOTECA MUNICIPAL DEL CUSCO |
||
| 082 |
_a869.99 / _bV39 |
||
| 100 |
_aVega, Ana Lidia _917109 |
||
| 245 | _aEncancaranublado y otros cuentos de naufragio / | ||
| 260 |
_aLa Habana : _bCasa de las Américas, _c1982. |
||
| 300 |
_a82 páginas ; _c19 cm. |
||
| 500 | _aPremio casa de las américas 1982. | ||
| 505 | _aCuento. | ||
| 650 |
_aCuentos de naufragio. _917110 |
||
| 942 |
_2ddc _cLIBROS |
||
| 945 | _awfj | ||